Essential Grammar in Use. A self-study reference and practice book for elementary students of English with Answers

Bibliographic Details
Main Author: Murphy R. Raymond
Language:English
Published: New York, Cambridge University Press, 2002
Edition:2-nd ed.
Subjects:
Format: Book
KOHA link:https://koha.lib.tpu.ru/cgi-bin/koha/opac-detail.pl?biblionumber=62516

MARC

LEADER 00000nam0a2200000 4500
001 62516
005 20231031063550.0
010 |a 0521559286 
035 |a (RuTPU)RU\TPU\book\66317 
090 |a 62516 
100 |a 20040413d2002 m y0engy50 ba 
101 0 |a eng 
102 |a US 
105 |a a j 000zy 
200 1 |a Essential Grammar in Use. A self-study reference and practice book for elementary students of English with Answers  |f R. Murphy 
205 |a 2-nd ed. 
210 |a New York  |c Cambridge University Press  |d 2002 
215 |a 300 p.  |c il. 
610 1 |a английский язык 
610 1 |a учебные пособия 
610 1 |a грамматика 
610 1 |a упражнения 
686 |a Ш143.21-923.2  |v LBC/SL-A  |2 rubbk 
700 1 |a Murphy  |b R.  |g Raymond 
801 1 |a RU  |b 63413507  |c 20040413  |g PSBO 
801 2 |a RU  |b 63413507  |c 20221205  |g PSBO 
942 |c BK